| 000 | 00549nam a22001697a 4500 | ||
|---|---|---|---|
| 005 | 20260129085242.0 | ||
| 008 | 250916b |||||||| |||| 00| 0 eng d | ||
| 020 | _a9788172450878 | ||
| 082 | _aDC 796.8153 C817 [2024]. | ||
| 100 |
_aCorrigan, Ralph. _967495 |
||
| 245 |
_aKarate made easy / _cRalph Corrigan. |
||
| 260 |
_aIndia : _bGoodwill Publishing House. _c[2024]. |
||
| 300 |
_a96 pages : _billustrations ; _c21 cm. |
||
| 650 | 0 |
_aKarate _xJuvenile literature. _967618 |
|
| 650 | 0 |
_aMartial arts _xJuvenile literature. _967619 |
|
| 942 |
_2ddc _cDC |
||
| 999 |
_c23777 _d23777 |
||